000 01164cam a22003495i 4500
001 18287396
003 NUST
005 20210923163115.0
008 140902s nyua 001 0 eng
010 _a 2014395901
020 _a9781111129828
038 _akhadija
040 _aDLC
_beng
_erda
_cDLC
082 _a604.243
_bKRU
100 1 _aKrulikowski, Alex.
_919111
245 1 0 _aFundamentals of Geometric Dimensioning and Tolerancing /
_cby Alex Krulikowski.
246 3 _aGeometric dimensioning and tolerancing
246 3 _aGeometric dimensioning & tolerancing
250 _a3rd edition.
260 _aAlbany, NY :
_bDelmar Publishers,
_c[2012]
300 _a418 pages :
_billustrations (some color) ;
_c28 cm.
336 _atext
_btxt
_2rdacontent
337 _aunmediated
_bn
_2rdamedia
338 _avolume
_bnc
_2rdacarrier
500 _aIncludes index.
563 _aPB
650 0 _aEngineering drawings
_xDimensioning.
_919112
650 0 _aTolerance (Engineering)
_919113
906 _a0
_bibc
_corigcop
_d2
_encip
_f20
_gy-gencatlg
942 _2ddc
_cBK
999 _c527712
_d527712